| 000 | 00844cam a22002897a 4500 | ||
|---|---|---|---|
| 003 | CHAP | ||
| 005 | 20220329135105.0 | ||
| 008 | 971013s1911 r 00010 d | ||
| 010 | _a30763 | ||
| 011 | _a31735 | ||
| 035 | _a35847 | ||
| 040 | _cCHAP | ||
| 082 |
_a980 _bA7 |
||
| 100 | 0 | 0 |
_aMariscal, Nicolás. _971423 |
| 245 | 1 | 3 | _aEl arte en México |
| 260 |
_aMéxico, D.F. : _bTip de la Vda. de F. Díaz de León. Sucs., _c1911 |
||
| 300 | _a23 p. | ||
| 501 | _aEnc. con otros impresos similares | ||
| 590 |
_aBATCH-UPD _b10 _c20130110 _lUCH01 _h2013 |
||
| 590 |
_aBATCH-UPD _b10 _c20130410 _lUCH01 _h1332 |
||
| 590 |
_aBATCH-UPD _b10 _c20130914 _lUCH01 _h0412 |
||
| 590 |
_aCONVERSION _b10 _c20130109 _lUCH01 _h1317 |
||
| 650 | 1 | 4 |
_aArte _xMéxico. _97696 |
| 901 | _aBK | ||
| 942 | _cLIBRO | ||
| 949 |
_a980 A7 _bBC _cBPP _d-82782 _eBPP _i35847 _si |
||
| 999 |
_c30763 _d30763 |
||